| 000 | 00776nam a2200265 a 4500 | ||
|---|---|---|---|
| 003 | BD-DhEWU | ||
| 005 | 20171211152802.0 | ||
| 008 | 080624s2008 ilua js 001 0 eng d | ||
| 020 | _a9781615353408 | ||
| 040 |
_aBD-DhEWU _cBD-DhEWU _beng |
||
| 041 | _aeng | ||
| 082 | 0 | 4 |
_a590 _bUNI 2010 |
| 245 | 0 | 0 | _aEcology |
| 260 |
_aChicago : _bEncyclopaedia Britannica, _c2010. |
||
| 300 |
_a1 online resource (100 p. : _bill.) |
||
| 490 | 0 | _aBritannica illustrated science library | |
| 500 | _aIncludes index. | ||
| 526 | _aOther | ||
| 590 | _aSaifun Momota | ||
| 650 | 0 |
_aecology _vJuvenile literature. _921325 |
|
| 710 | 2 |
_aEncyclopaedia Britannica, inc. _921327 |
|
| 856 | 4 | 0 |
_3E-book Fulltext _uhttp://lib.ewubd.edu/ebook/8031 |
| 942 |
_2ddc _cEBOOK |
||
| 999 |
_c8031 _d8031 |
||
| 999 |
_c8031 _d8031 |
||